WTA Finals 2010 - Singolare - Statistics

Statistiche generali
  • Questo quiz è stato fatto 4 volte
  • Il punteggio medio è 3 su 8
Statistiche sulle risposte
Nazione Risultato Tennista % Corretto
Danimarca Finale Caroline Wozniacki
67%
Italia Round robin Francesca Schiavone
67%
Serbia Round robin Jelena Janković
33%
Belgio Campionessa Kim Clijsters
33%
Australia Semifinale Samantha Stosur
33%
Russia Semifinale Vera Zvonarëva
33%
Bielorussia Round robin Viktoryja Azaranka
33%
Russia Round robin Elena Dement'eva
0%
Nessun quiz corrispondente trovato
Distribuzione punteggi
Percentuale di utenti per punteggio
Percentile per numero di risposta
I tuoi punteggi nel tempo
Non hai fatto questo quiz